The governance of water and sanitation in Africa : (Record no. 22573)
[ view plain ]
| 000 -LEADER | |
|---|---|
| fixed length control field | 01530cam a22003255a 4500 |
| 001 - CONTROL NUMBER | |
| control field | 16241457 |
| 005 - DATE AND TIME OF LATEST TRANSACTION | |
| control field | 20161015111511.0 |
| 008 - FIXED-LENGTH DATA ELEMENTS--GENERAL INFORMATION | |
| fixed length control field | 100519s2009 enk frb 001 0 eng d |
| 010 ## - LIBRARY OF CONGRESS CONTROL NUMBER | |
| LC control number | 2010285493 |
| 020 ## - INTERNATIONAL STANDARD BOOK NUMBER | |
| International Standard Book Number | 9781848850279 |
| 040 ## - CATALOGING SOURCE | |
| Original cataloging agency | DLC |
| Language of cataloging | eng |
| Transcribing agency | DLC |
| Modifying agency | EG-ScBUE |
| 043 ## - GEOGRAPHIC AREA CODE | |
| Geographic area code | f------ |
| 082 04 - DEWEY DECIMAL CLASSIFICATION NUMBER | |
| Classification number | 333.910096 |
| Item number | STE |
| Edition number | 22 |
| 100 1# - MAIN ENTRY--PERSONAL NAME | |
| Personal name | Stewart, Amy. |
| 245 14 - TITLE STATEMENT | |
| Title | The governance of water and sanitation in Africa : |
| Remainder of title | achieving sustainable development through partnerships / |
| Statement of responsibility, etc | Amy Stewart, Tim Gray. |
| 260 ## - PUBLICATION, DISTRIBUTION, ETC. (IMPRINT) | |
| Place of publication, distribution, etc | London ; |
| -- | New York ; |
| Name of publisher, distributor, etc | Tauris Academic Studies, |
| Date of publication, distribution, etc | 2009. |
| 300 ## - PHYSICAL DESCRIPTION | |
| Extent | xiv, 286 p. ; |
| Dimensions | 21 cm. |
| 490 0# - Series Statement | |
| Series statement | International Library of African Studies ; |
| Volume/sequential designation | 27 |
| 500 ## - GENERAL NOTE | |
| General note | Includes index. |
| 504 ## - BIBLIOGRAPHY, ETC. NOTE | |
| Bibliography, etc | Bibliography : p. 247-278. |
| 520 8# - SUMMARY, ETC. | |
| Summary, etc | The politics of water have taken centre state in global concerns about sustainable development. This text investigates a new mode of achieving the Millennium Development Goal of halving the number of people who lack access to safe water and sanitation by 2015. |
| 650 #0 - SUBJECT ADDED ENTRY--TOPICAL TERM | |
| Topical term or geographic name as entry element | Water resources development |
| General subdivision | Government policy |
| Geographic subdivision | Africa. |
| Source of heading or term | BUEsh |
| 651 ## - SUBJECT ADDED ENTRY--GEOGRAPHIC NAME | |
| Source of heading or term | BUEsh |
| 653 ## - INDEX TERM--UNCONTROLLED | |
| Resource For college | BAEPS, Political Science |
| Arrived date list | October2016 |
| 700 1# - ADDED ENTRY--PERSONAL NAME | |
| Personal name | Gray, Tim. |
| 856 42 - ELECTRONIC LOCATION AND ACCESS | |
| Materials specified | Contributor biographical information |
| Uniform Resource Identifier | <a href="http://www.loc.gov/catdir/enhancements/fy1010/2010285493-b.html">http://www.loc.gov/catdir/enhancements/fy1010/2010285493-b.html</a> |
| 856 42 - ELECTRONIC LOCATION AND ACCESS | |
| Materials specified | Publisher description |
| Uniform Resource Identifier | <a href="http://www.loc.gov/catdir/enhancements/fy1010/2010285493-d.html">http://www.loc.gov/catdir/enhancements/fy1010/2010285493-d.html</a> |
| 856 41 - ELECTRONIC LOCATION AND ACCESS | |
| Materials specified | Table of contents only |
| Uniform Resource Identifier | <a href="http://www.loc.gov/catdir/enhancements/fy1010/2010285493-t.html">http://www.loc.gov/catdir/enhancements/fy1010/2010285493-t.html</a> |
| 942 ## - ADDED ENTRY ELEMENTS (KOHA) | |
| Source of classification or shelving scheme | Dewey Decimal Classification |
| Withdrawn status | Item status | Source of classification or shelving scheme | Damaged status | Not for loan | Vendor | Home library | Current library | Shelving location | Date acquired | Source of acquisition | Cost, normal purchase price | Total Checkouts | Full call number | Barcode | Date last seen | Cost, replacement price | Koha item type |
|---|---|---|---|---|---|---|---|---|---|---|---|---|---|---|---|---|---|
| Dewey Decimal Classification | AUC | Central Library | Central Library | First floor | 15/10/2016 | Purchase | 120.00 | 333.910096 STE | 000034063 | 15/07/2025 | 150.00 | Book - Borrowing |